000
00336nam a2200145Ia 4500
005
20251222152709.0
008
251222s9999||||xx |||||||||||||| ||spa||
020
_a
9972205916
082
_a
485/D37
100
_a
De la Riva Agüero, José
245
0
_a
Paisajes Peruanos
250
_a
1ra.ed.
264
_b
El Comercio
942
_c
LIB
999
_c
29146
_d
29146